00411nam a2200157Ia 45000010006000000050017000060080041000230410008000640820018000721000034000902450076001242600009002003000028002096500008002376540008002451849520260306171635.0260306s9999||||xx |||||||||||||| ||und|| aESP a658.406bH412 aHidalgo Nuchera, AntonioeAUT 0aLa gestión de la innovación y la tecnología en las organizaciones c2014 a559 páginas :c24 cm. aGEN aCAN